| 000 | 00619nam a2200229 a 4500 | ||
|---|---|---|---|
| 001 | BRCA_6355 | ||
| 005 | 20190320205425.0 | ||
| 008 | 190811s1904----gw-#######---#000-0#ger-# | ||
| 041 | _ager | ||
| 044 | _agw | ||
| 050 | 4 |
_aPT2647 _b.E14 N86 _c1904 |
|
| 100 | 1 |
_aHermann, Hans _915930 |
|
| 245 | 1 | 0 |
_aDas Sanatorium _bPläne und hoffnungen für die Zukunft _cvon Hans Hermann. |
| 250 | _a2 | ||
| 260 |
_aBerlín _bHans Driebe _c1904 |
||
| 300 |
_a174 p. _c24 cm. |
||
| 500 | _aEstado físico: Encuadernación desprendida | ||
| 500 | _aK146 | ||
| 650 | 1 | 4 |
_aLiteratura Alemana _96160 |
| 902 | _aGFM | ||
| 942 |
_2lcc _cB |
||
| 999 |
_c6041 _d6041 |
||